First and Last Letters: Harry Potter Quiz Stats

Quiz Updated Feb 3, 2016

Challenge
Share
Tweet
Embed
Score 0/20 Timer 06:00
0 Plays Today
Letters Answer % Correct
He-Wo-Mt-Nt-Be-NdHe-Who-Must-Not-Be-Named
96.2%
Te By Wo LdThe Boy Who Lived
87.4%
Fd ad Ge WyFred and George Weasley
82.9%
Hy Pr ad te Or of te PxHarry Potter and the Order of the Phoenix
76.7%
De At te Dk AsDefense Against the Dark Arts
73%
Tm R's DyTom Riddle's Diary
68.4%
Aa KaAvada Kedavra
65.2%
Te Ly CnThe Leaky Cauldron
54%
Ny Hs NkNearly Headless Nick
51%
O's Wd SpOllivander's Wand Shop
49%
Letters Answer % Correct
Te Mr of EdThe Mirror of Erised
47.1%
Ce of Ml CsCare of Magical Creatures
45.8%
As Pl Wc Bn DeAlbus Percival Wulfric Brian Dumbledore
45.7%
Be B's Ey Fr BsBertie Bott's Every Flavour Beans
45.1%
Qh Th te AsQuidditch Through the Ages
43.6%
Te Sg HtThe Sorting Hat
42.5%
Hs Sl of Wt ad WyHogwarts School of Witchcraft and Wizardry
31.3%
Nt te Nn RkNorbert the Norwegian Ridgeback
28.5%
Pm Ne ad Te-QsPlatform Nine and Three-Quarters
14.1%
Te Hs EsThe Hogwarts Express
8.9%

You're not logged in!

Compare scores with friends on all Sporcle quizzes.
Join for Free
OR
Log In

You Might Also Like...

Show Comments

Extras

Top Quizzes Today


Score Distribution

Your Account Isn't Verified!

In order to create a playlist on Sporcle, you need to verify the email address you used during registration. Go to your Sporcle Settings to finish the process.

Report this User

Report this user for behavior that violates our Community Guidelines.

Details: